|
|
|
|
| LEADER |
01499nam a2200385 4500 |
| 001 |
38528 |
| 003 |
BD-DhAAL |
| 005 |
20220512121339.0 |
| 008 |
220512t1972 enkb b 001 0 eng d |
| 999 |
|
|
|c 44166
|d 44166
|
| 010 |
|
|
|a 73174843
|
| 015 |
|
|
|a GB***
|
| 020 |
|
|
|a 0140440399
|
| 040 |
|
|
|a DLC
|c DLC
|d DLC
|d BD-DhAAL
|
| 041 |
1 |
|
|a enggrc
|
| 043 |
|
|
|a e-gr---
|
| 050 |
0 |
0 |
|a DF229.T5
|b J6 1972
|
| 082 |
0 |
0 |
|a 938.05
|
| 100 |
0 |
|
|a Thucydides.
|9 48354
|
| 240 |
1 |
0 |
|a History of the Peloponnesian War.
|l English
|
| 245 |
1 |
0 |
|a History of the Peloponnesian War /
|c Thucydides ; Translated by Rex Warner, with an introduction and notes by M. I. Finley.
|
| 250 |
|
|
|a Revised edition
|
| 260 |
|
|
|a Harmondsworth, England,
|a Baltimore :
|b Penguin Books,
|c 1972.
|
| 300 |
|
|
|a 648 pages :
|b illustrations, maps ;
|c 19 cm.
|
| 350 |
|
|
|a $2.85 (U.S.)
|
| 490 |
0 |
|
|a The Penguin classics
|
| 504 |
|
|
|a Includes bibliographical references (pages [621]-623).
|
| 541 |
|
|
|a Donated By Akbar Ali Khan
|e 38528
|
| 651 |
|
0 |
|a Greece
|x History
|y Peloponnesian War, 431-404 B.C.
|9 48355
|
| 700 |
1 |
|
|a Warner, Rex,
|d 1905-1986,
|e translator
|9 48356
|
| 700 |
1 |
|
|a Finley, M. I.
|q (Moses I.),
|d 1912-1986,
|e editor
|9 48357
|
| 830 |
|
|
|a The Penguin classics
|9 48358
|
| 852 |
|
|
|a Ayesha Abed Library
|c Akbar Ali Khan Collection
|
| 942 |
|
|
|2 ddc
|c BK
|
| 952 |
|
|
|0 0
|1 0
|2 ddc
|4 0
|6 938_050000000000000_THU
|7 1
|9 70598
|a BRACUL
|b BRACUL
|c CS1
|d 2022-05-12
|e Donated by Akbar Ali Khan
|l 0
|o 938.05 THU
|p 3010038528
|r 2022-05-12
|t 1
|w 2022-05-12
|y BK
|